LEADER 01059nam a2200241 i 4500 001 000000188626 003 CaOOAMICUS 005 20100415000000.0 008 100415s1989 it u000 u ita u 013 $a166841 020 $a88-01-00447-8 040 $aSeMil$bita 245 10$aSviluppo nella solidarietą. Chiesa italiana e mezzogiorno :$bdocumento dei vescovi italiani. 260 $aLeumann (Torino) :$bElledici,$c1989. 300 $a47 p. ;$c19 cm. 490 0 $aDocumenti CEI ;$vN.47 650 4$aConferenza Episcopale Italiana - Documenti.$0(OLS)http://semarc/subject/24154 830 0$aDocumenti CEI ;$vN.47.$0(OLS)http://semarc/title/31135 850 $aSeMil 852 $aSeMil$W1$xVenegono$y1$m1374 14 47 *$j139265$B139265$CSeMilBibl$Z2$F150874 $81 996 $6020$a88-01-00447-8$9(OLS)http://semarc/number/179238 996 $6245$aSviluppo nella solidarietą. Chiesa italiana e mezzogiorno :$bdocumento dei vescovi italiani$9(OLS)http://semarc/title/271482 996 $6260$aLeumann (Torino) :$bElledici$9(OLS)http://semarc/publisher/31236 LEADER 01502nam a2200253 4500 001 000000345580 003 CaOOAMICUS 005 20210427143927.0 008 210427s2018 it 000 u ita r 040 $aSeMil$bita 110 0 $aConferenza Episcopale regionale del Piemonte e Valle d'Aosta.$0(OLS)http://semarc/name/113686 245 14$a«Il Signore č vicino a chi ha il cuore ferito» (Sal 34,19) :$baccompagnare, discernere, integrare : nota pastorale su Amoris Laetitia /$cConferenza episcopale regionale del Piemonte e Valle d'Aosta ; [introduzione di Cesare Nosiglia, arcivescovo di Torino]. 264 1$a[S.l. :$bs.n.],$c[2018] 300 $a16 p. ;$c22x21 cm 500 $aIn mezzo al front.: ai sacerdoti e alle comunitą cristiane, alle famiglie e agli operatori pastorali 650 4$aPastorale.$0(OLS)http://semarc/subject/3408 650 4$aFrancesco I - Esortazioni apostoliche . Amoris Laetitia.$0(OLS)http://semarc/subject/42882 700 1 $aNosiglia, Cesare,$c.$0(OLS)http://semarc/name/53104 850 $aSeMil 852 $aSeMil$W1$xVenegono$y1$m5B III 56/19$j226119$B236642$CSeMilBibl$Z2$F236642 $81 961 $aFumagalli don Aristide - Omaggio 996 $6245$a«Il Signore č vicino a chi ha il cuore ferito» (Sal 34,19) :$baccompagnare, discernere, integrare : nota pastorale su Amoris Laetitia$9(OLS)http://semarc/title/434717 996 $6264$a[S.l. :$bs.n.]$9(OLS)http://semarc/publisher/29751